000 01826nam a22002657a 4500
999 _c16071
_d16071
005 20190401115922.0
010 _aB-269706-743, B-284171 ENG-94928
020 _a9781905863068
_c350.00
035 _aB-269706-743, B-284171 EN-78461
082 _a791.43
100 _aDawar, Ramesh
245 _aBest from Bollywood /
_cby Ramesh Dawar
260 _aNew Delhi
_bIBS Books
_c2008
300 _a131p.:
_bcol. & b&w photos
_c25cm (Hb)
500 _aMotion picture music from India.
500 _a"15 classic hits from the Indian cinema"--Container.
500 _aIncludes previosly released material.
500 _aCompact disc.
505 _tPyar Do Pyar Lo /
_rSapna
_g(5:27) --
_tLaila O Laila /
_rKanchan; Amit Kumar & chorus
_g(4:29) --
_tTere Sang Pyar Main /
_rLata Mangeshkar
_g(3:38) --
_tHey Maine /
_rKishore Kumar; Lata Mangeshkar
_g(4:01) --
_tPal Bhar Ke Liye /
_rKishore Kumar; Usha Khana & chorsus
_g(4:44) --
_tYe Raatain /
_rLata Mangeshkar
_g(5:36) --
_tDil Aaj Shair Hai /
_rKishore Kumar
_g(3:28) --
_tWada Na Tod /
_rLata Mangeshkar
_g(5:57) --
_tMehbooba Mehbooba /
_rRahul Dev Burman
_g(3:55) --
_tKaahe Chhed /
_rpt. Birju Maharaj; Kavita Krishnamurthy; Madhuri Dixit
_g(5:19) --
_tHum Tumhen Chahte Hain /
_rKanchan; Manhar; Anand
_g(7:14) --
_tBadi Mushkil /
_rAlka Yagnik
_g(6:02) --
_tKehna Hi Kya /
_rChitra
_g(5:51) --
_tDo Pyaar /
_rSonu Nigham; Sunidhi Chauhan
_g(4:56) --
_tChori Chori /
_rAlka Yagnik; Babul Supriyo & chorus
_g(7:31).
511 _aVarious vocalists, including Lata Mangeshkar, Alka Yagnik, Kavita Krishnamurph, and Kishore Kumar.
650 _aMotion picture music
_zIndia.
650 _aPopular music
_zIndia.
942 _2ddc
_cEN
_mDAW
_h791.43